000 01081cam a22003497a 4500
003 CHAP
005 20220817044458.0
008 110908s1982 mx a r 00010 spa d
010 _a102051
011 _a103023
020 _a9682310040
035 _a113712
040 _cCHAP
082 1 0 _a301.35
_bE89 1982
100 0 0 _aEsteva, Gustavo.
_938301
245 1 2 _aLa batalla en el México rural
_c/por Gustavo Esteva
250 _a3 ed.
300 _a243 p. :
_bcuadros
490 _aSociología y política
590 _aBATCH-UPD
_b10
_c20130110
_lUCH01
_h0958
590 _aBATCH-UPD
_b10
_c20130410
_lUCH01
_h0610
590 _aBATCH-UPD
_b10
_c20130914
_lUCH01
_h0830
590 _aCONVERSION
_b10
_c20130109
_lUCH01
_h1356
650 1 4 _aCampesinado
_zMéxico.
650 1 4 _aDesarrollo rural.
_932067
650 1 4 _aMéxico
_xCondiciones rurales.
650 1 4 _aReforma agraria
_zMéxico.
_995596
830 0 _aSociología y política
_9108249
901 _aBK
942 _cLIBRO
949 _a301.35 E89 1982
_bBC
_cLIBRO
_d33724002305629
_eLIBRO
_gDonaciØn
_h58062
_i113712
_sb
999 _c102051
_d102051